00662nam a2200193Ia 4500008004100000082001100041100001600052245005900068250000800127260003300135300001600168500002400184650001200208700002000220942000700240952010200247952010200349999001700451230524s9999 xx 000 0 und d a4bKOR aReeba Korah 0aMicroprocessor 8085 to Pentium and Interfacing divices a1ST aNEW DELHIbDhanpat Raic2004 a10.30+A.109 aQuantity Number: 2 aComp-Sc a R. Avudaiammal cBK 00104070aTATCLbTATCLcGENd2023-05-24l0o004 KORp6673r2023-05-24w2023-05-24yBKzCPEC5305 00104070aTATCLbTATCLcGENd2023-05-24l0o004 KORp6674r2023-05-24w2023-05-24yBKzCPEC5305 c16551d16551